Sahityar patabhumi (Record no. 3565)

MARC details
000 -LEADER
fixed length control field 00473cam a2200193ua 4500
001 - CONTROL NUMBER
control field 3741
005 - DATE AND TIME OF LATEST TRANSACTION
control field 20260515113725.0
008 - FIXED-LENGTH DATA ELEMENTS--GENERAL INFORMATION
fixed length control field 120204n ii |||gr||||Z||||||asm
040 ## - CATALOGING SOURCE
Transcribing agency MAIN
082 ## - DEWEY DECIMAL CLASSIFICATION NUMBER
Classification number 891.4514
100 ## - MAIN ENTRY--PERSONAL NAME
Personal name Borkataky, Biren,
245 11 - TITLE STATEMENT
Title Sahityar patabhumi
Statement of responsibility, etc. by Biren Borkataky
250 ## - EDITION STATEMENT
Edition statement 1st.
260 ## - PUBLICATION, DISTRIBUTION, ETC.
Place of publication, distribution, etc. Kolkata:
Name of publisher, distributor, etc. Assam Book Depot,964.
300 ## - PHYSICAL DESCRIPTION
Extent 208p:
Dimensions 23cm.
653 ## - INDEX TERM--UNCONTROLLED
Uncontrolled term Assamese literature
653 ## - INDEX TERM--UNCONTROLLED
Uncontrolled term Sahityar patabhumi
942 ## - ADDED ENTRY ELEMENTS (KOHA)
Koha item type Books
Holdings
Withdrawn status Lost status Damaged status Not for loan Home library Current library Shelving location Date acquired Total checkouts Full call number Barcode Date last seen Copy number Price effective from Koha item type
        Naharkatiya College Library Naharkatiya College Library General stacks 09/19/2020   891.4514 | BOR 8391 09/19/2020 1 09/19/2020 Books
        Naharkatiya College Library Naharkatiya College Library General stacks 09/19/2020   891.4514 | BOR 8392 09/19/2020 2 09/19/2020 Books